<?xml version="1.0" encoding="UTF-8"?><?xml-stylesheet type="text/xsl" href="static/style.xsl"?><OAI-PMH xmlns="http://www.openarchives.org/OAI/2.0/" xmlns:xsi="http://www.w3.org/2001/XMLSchema-instance" xsi:schemaLocation="http://www.openarchives.org/OAI/2.0/ http://www.openarchives.org/OAI/2.0/OAI-PMH.xsd"><responseDate>2026-04-19T09:23:39Z</responseDate><request verb="GetRecord" identifier="oai:www.recercat.cat:11351/11046" metadataPrefix="marc">https://recercat.cat/oai/request</request><GetRecord><record><header><identifier>oai:recercat.cat:11351/11046</identifier><datestamp>2025-10-24T10:28:01Z</datestamp><setSpec>com_2072_378070</setSpec><setSpec>com_2072_378040</setSpec><setSpec>col_2072_378092</setSpec></header><metadata><record xmlns="http://www.loc.gov/MARC21/slim" xmlns:dcterms="http://purl.org/dc/terms/" xmlns:xsi="http://www.w3.org/2001/XMLSchema-instance" xmlns:doc="http://www.lyncode.com/xoai" xsi:schemaLocation="http://www.loc.gov/MARC21/slim http://www.loc.gov/standards/marcxml/schema/MARC21slim.xsd">
   <leader>00925njm 22002777a 4500</leader>
   <datafield ind2=" " ind1=" " tag="042">
      <subfield code="a">dc</subfield>
   </datafield>
   <datafield ind2=" " ind1=" " tag="720">
      <subfield code="a">Fernández Buihgas, Irene</subfield>
      <subfield code="e">author</subfield>
   </datafield>
   <datafield ind2=" " ind1=" " tag="720">
      <subfield code="a">Rayo Navarro, Maria Nieves</subfield>
      <subfield code="e">author</subfield>
   </datafield>
   <datafield ind2=" " ind1=" " tag="720">
      <subfield code="a">Cuesta Silos, Julia</subfield>
      <subfield code="e">author</subfield>
   </datafield>
   <datafield ind2=" " ind1=" " tag="720">
      <subfield code="a">Ocón Hernández, Olga</subfield>
      <subfield code="e">author</subfield>
   </datafield>
   <datafield ind2=" " ind1=" " tag="720">
      <subfield code="a">Leung, Bo Wah</subfield>
      <subfield code="e">author</subfield>
   </datafield>
   <datafield ind2=" " ind1=" " tag="720">
      <subfield code="a">Serrano, Berta</subfield>
      <subfield code="e">author</subfield>
   </datafield>
   <datafield ind2=" " ind1=" " tag="720">
      <subfield code="a">Silgado, Aroa</subfield>
      <subfield code="e">author</subfield>
   </datafield>
   <datafield ind2=" " ind1=" " tag="260">
      <subfield code="c">2024-02-14T09:54:05Z</subfield>
   </datafield>
   <datafield ind2=" " ind1=" " tag="260">
      <subfield code="c">2024-02-14T09:54:05Z</subfield>
   </datafield>
   <datafield ind2=" " ind1=" " tag="260">
      <subfield code="c">2024-01-18</subfield>
   </datafield>
   <datafield ind2=" " ind1=" " tag="520">
      <subfield code="a">Anti-SARS-CoV-2 specific antibodies; Colostrum; Human breast milk</subfield>
   </datafield>
   <datafield ind2=" " ind1=" " tag="520">
      <subfield code="a">Anticuerpos específicos anti-SARS-CoV-2; Calostro; Leche materna humana</subfield>
   </datafield>
   <datafield ind2=" " ind1=" " tag="520">
      <subfield code="a">Anticossos específics anti-SARS-CoV-2; Calostre; Llet materna humana</subfield>
   </datafield>
   <datafield ind2=" " ind1=" " tag="520">
      <subfield code="a">Background&#xd;
While the presence of SARS-CoV-2 in human breast milk is contentious, anti-SARS-CoV-2 antibodies have been consistently detected in human breast milk. However, it is uncertain when and how long the antibodies are present.&#xd;
Methods&#xd;
This was a prospective cohort study including all consecutive pregnant women with confirmed SARS-CoV-2 infection during pregnancy, recruited at six maternity units in Spain and Hong Kong from March 2020 to March 2021. Colostrum (day of birth until day 4 postpartum) and mature milk (day 7 postpartum until 6 weeks postpartum) were prospectively collected, and paired maternal blood samples were also collected. Colostrum samples were tested with rRT-PCR-SARS-CoV-2, and skimmed acellular milk and maternal sera were tested against SARS-CoV-2 specific immunoglobulin M, A, and G reactive to receptor binding domain of SARS-CoV-2 spike protein 1 to determine the presence of immunoglobulins. Then, we examined how each immunoglobulin type in the colostrum was related to the time of infection by logistic regression analysis, the concordance between these immunoglobulins in the colostrum, maternal serum, and mature milk by Cohen's kappa statistic, and the relationship between immunoglobulin levels in mature milk and colostrum with McNemar.&#xd;
Results&#xd;
One hundred eighty-seven pregnant women with confirmed SARS-CoV-2 infection during pregnancy or childbirth were recruited and donated the milk and blood samples. No SARS-CoV-2 was found in the human breast milk. Immunoglobulin A, G, and M were present in 129/162 (79·6%), 5/163 (3·1%), and 15/76 (19·7%) colostrum samples and in 17/62 (27·42%), 2/62 (3·23%) and 2/62 (3·23%) mature milk samples, respectively. Immunoglobulin A was the predominant immunoglobulin found in breast milk, and its levels were significantly higher in the colostrum than in the mature milk (p-value &lt; 0.001). We did not find that the presence of immunoglobulins in the colostrum was associated with their presence in maternal, the severity of the disease, or the time when the infection had occurred.&#xd;
Conclusions&#xd;
Since anti-SARS-CoV-2 antibodies are found in the colostrum irrespective of the time of infection during pregnancy, but the virus itself is not detected in human breast milk, our study found no indications to withhold breastfeeding, taking contact precautions when there is active disease.</subfield>
   </datafield>
   <datafield ind2=" " ind1=" " tag="520">
      <subfield code="a">This study was supported by grants from Instituto de Salud Carlos III 208 (ISCIII) COV20/00188 and iMaterna Foundation (Fundación para la Investigación y el Desarrollo de la Medicina Materno-Fetal y Neonatal, Registry No: 2148). Perkin Elmer provided the reagents for laboratory testing, and Synlab Diagnósticos Globales provided the instruments and human resources to analyze the samples. The funders had no role in study conception and execution, data collection, analyses of the results, nor in the writing of the manuscript or decision to submit for publication.</subfield>
   </datafield>
   <datafield ind1="8" ind2=" " tag="024">
      <subfield code="a">http://hdl.handle.net/11351/11046</subfield>
   </datafield>
   <datafield tag="653" ind2=" " ind1=" ">
      <subfield code="a">Llet materna</subfield>
   </datafield>
   <datafield tag="653" ind2=" " ind1=" ">
      <subfield code="a">COVID-19 (Malaltia)</subfield>
   </datafield>
   <datafield tag="653" ind2=" " ind1=" ">
      <subfield code="a">Immunoglobulines</subfield>
   </datafield>
   <datafield tag="653" ind2=" " ind1=" ">
      <subfield code="a">Embaràs - Complicacions</subfield>
   </datafield>
   <datafield tag="653" ind2=" " ind1=" ">
      <subfield code="a">DISEASES::Virus Diseases::RNA Virus Infections::Nidovirales Infections::Coronaviridae Infections::Coronavirus Infections</subfield>
   </datafield>
   <datafield tag="653" ind2=" " ind1=" ">
      <subfield code="a">CHEMICALS AND DRUGS::Amino Acids, Peptides, and Proteins::Proteins::Blood Proteins::Immunoproteins::Immunoglobulins::Antibodies::Antibodies, Viral</subfield>
   </datafield>
   <datafield tag="653" ind2=" " ind1=" ">
      <subfield code="a">DISEASES::Bacterial Infections and Mycoses::Infection::Pregnancy Complications, Infectious</subfield>
   </datafield>
   <datafield tag="653" ind2=" " ind1=" ">
      <subfield code="a">PHENOMENA AND PROCESSES::Physiological Phenomena::Diet, Food, and Nutrition::Nutritional Physiological Phenomena::Physiological Phenomena::Diet, Food, and Nutrition::Nutritional Physiological Phenomena::Physiological Phenomena::Diet, Food, and Nutrition::Nutritional Physiological Phenomena::Breast Feeding</subfield>
   </datafield>
   <datafield tag="653" ind2=" " ind1=" ">
      <subfield code="a">ENFERMEDADES::virosis::infecciones por virus ARN::infecciones por Nidovirales::infecciones por Coronaviridae::infecciones por Coronavirus</subfield>
   </datafield>
   <datafield tag="653" ind2=" " ind1=" ">
      <subfield code="a">COMPUESTOS QUÍMICOS Y DROGAS::aminoácidos, péptidos y proteínas::proteínas::proteínas sanguíneas::inmunoproteínas::inmunoglobulinas::anticuerpos::anticuerpos víricos</subfield>
   </datafield>
   <datafield tag="653" ind2=" " ind1=" ">
      <subfield code="a">ENFERMEDADES::infecciones bacterianas y micosis::infección::complicaciones infecciosas del embarazo</subfield>
   </datafield>
   <datafield tag="653" ind2=" " ind1=" ">
      <subfield code="a">FENÓMENOS Y PROCESOS::fenómenos fisiológicos::dieta, alimentación y nutrición::fenómenos fisiológicos nutricionales::fenómenos fisiológicos::dieta, alimentación y nutrición::fenómenos fisiológicos nutricionales::fenómenos fisiológicos::dieta, alimentación y nutrición::fenómenos fisiológicos nutricionales::lactancia materna</subfield>
   </datafield>
   <datafield ind2="0" ind1="0" tag="245">
      <subfield code="a">Anti-SARS-CoV-2-specific antibodies in human breast milk following SARS-CoV-2 infection during pregnancy: a prospective cohort study</subfield>
   </datafield>
</record></metadata></record></GetRecord></OAI-PMH>